[Event "Verbandsliga Nord Baden 1314"]
[Site "Germany"]
[Date "2014.03.09"]
[Round "7.3"]
[White "Roes, Helge"]
[Black "Neunhoeffer, Helmut"]
[Result "1/2-1/2"]
[WhiteElo "2181"]
[BlackElo "2279"]
[PlyCount "128"]
[EventDate "2013.10.20"]
[EventType "team-tourn"]
[EventRounds "9"]
[EventCountry "GER"]
[SourceTitle "EXT 2015"]
[Source "ChessBase"]
[SourceDate "2014.11.20"]
[SourceVersion "1"]
[SourceVersionDate "2014.11.20"]
[SourceQuality "1"]
[WhiteTeam "Weinheim"]
[BlackTeam "Heidelberg"]
[WhiteTeamCountry "GER"]
[BlackTeamCountry "GER"]

1. d4 Nf6 2. Nf3 e6 3. Bg5 c5 4. e3 Qb6 5. Qc1 Nc6 6. dxc5 Bxc5 7. Bd3 Be7 8. 0-0 h6 9. Bh4 d6 10. Nbd2 Bd7 11. a4 Rc8 12. Nc4 Qc7 13. Qd2 g5 14. Bg3 Nh5 15. Nd4 Nxd4 16. exd4 f5 17. Qe2 Nf6 18. f3 Kf7 19. Rfe1 Rce8 20. Nd2 Nh5 21. c3 Bf6 22. Bb5 Nxg3 23. hxg3 h5 24. Bxd7 Qxd7 25. Qb5 Rd8 26. Nc4 g4 27. Ne3 Kg6 28. Qxd7 Rxd7 29. Nc4 Kf7 30. Re2 gxf3 31. gxf3 Rg8 32. Kh2 h4 33. gxh4 Bxh4 34. Rg1 Bg5 35. Rgg2 Bf4+ 36. Kg1 Rh8 37. Kf2 Kf6 38. Re1 Rc7 39. Na3 Rch7 40. Nc4 Rh2 41. Ne3 Bxe3+ 42. Rxe3 Rh1 43. f4 R8h4 44. Rf3 Ra1 45. Ke3 Rxa4 46. Rfg3 Rh7 47. Rg6+ Kf7 48. d5 Re4+ 49. Kd2 a5 50. R2g5 b5 51. dxe6+ Rxe6 52. Rg8 Re4 53. Rb8 Rh2+ 54. Kd3 Rh3+ 55. Kc2 Rxf4 56. Rxb5 Kf6 57. Rg8 a4 58. Rf8+ Ke6 59. Re8+ Kd7 60. Ra8 Rh2+ 61. Kb1 Kc6 62. Rba5 Rhf2 63. R8a6+ Kd7 64. Rd5 Re4 1/2-1/2

[Event "Verbandsliga Nord Baden 1112"]
[Site "Germany"]
[Date "2012.01.29"]
[Round "5.4"]
[White "Wrede, Michael"]
[Black "Neunhoeffer, Helmut"]
[Result "1/2-1/2"]
[WhiteElo "2162"]
[BlackElo "2279"]
[PlyCount "82"]
[EventDate "2011.10.09"]
[EventType "team-tourn"]
[EventRounds "9"]
[EventCountry "GER"]
[SourceTitle "EXT 2013"]
[Source "ChessBase"]
[SourceDate "2012.11.22"]
[SourceVersion "1"]
[SourceVersionDate "2012.11.22"]
[SourceQuality "1"]
[WhiteTeam "Leimen"]
[BlackTeam "Heidelberg"]
[WhiteTeamCountry "GER"]
[BlackTeamCountry "GER"]

1. c4 c6 2. Nc3 d5 3. cxd5 cxd5 4. d4 Nc6 5. Nf3 Nf6 6. Bg5 Ne4 7. Bd2 Nxd2 8. Qxd2 Bf5 9. e3 e6 10. Ne5 Bd6 11. f4 0-0 12. Bd3 Bxd3 13. Nxd3 Rc8 14. 0-0 Na5 15. Rac1 Nc4 16. Qe2 Be7 17. g4 h6 18. Kh1 Bf6 19. Rf3 Nd6 20. Rh3 Re8 21. Rg1 Kf8 22. Qg2 g6 23. Rxh6 Bg7 24. Rh3 Qa5 25. Ne5 Rxc3 26. bxc3 Qxc3 27. Rf3 Kg8 28. h4 Ne4 29. h5 Bxe5 30. fxe5 Kg7 31. Qh2 Rh8 32. Qf4 Rf8 33. Rgf1 g5 34. Qh2 Nd2 35. h6+ Kh8 36. Qf2 Nxf1 37. Qxf1 Qc2 38. Rxf7 Rxf7 39. Qxf7 Qd1+ 40. Kh2 Qe2+ 41. Kh1 Qe1+ 1/2-1/2

[Event "Verbandsliga Nord Baden 1112"]
[Site "Germany"]
[Date "2011.12.11"]
[Round "4.1"]
[White "Nekrasov, Mihail"]
[Black "Neunhoeffer, Helmut"]
[Result "1/2-1/2"]
[WhiteElo "2387"]
[BlackElo "2279"]
[PlyCount "61"]
[EventDate "2011.10.09"]
[EventType "team-tourn"]
[EventRounds "9"]
[EventCountry "GER"]
[SourceTitle "EXT 2013"]
[Source "ChessBase"]
[SourceDate "2012.11.22"]
[SourceVersion "1"]
[SourceVersionDate "2012.11.22"]
[SourceQuality "1"]
[WhiteTeam "Hockenheim II"]
[BlackTeam "Heidelberg"]
[WhiteTeamCountry "GER"]
[BlackTeamCountry "GER"]

1. e4 e5 2. Nf3 Nc6 3. Bb5 a6 4. Ba4 Nf6 5. 0-0 Nxe4 6. d4 b5 7. Bb3 d5 8. dxe5 Be6 9. Nbd2 Nc5 10. c3 Bg4 11. h3 Bh5 12. Bc2 Be7 13. Re1 d4 14. g4 Bg6 15. Nxd4 Nxd4 16. cxd4 Qxd4 17. Bxg6 hxg6 18. Qf3 Rd8 19. Nb3 Nxb3 20. axb3 Qd5 21. Qxd5 Rxd5 22. Kg2 Bb4 23. Re4 a5 24. Be3 0-0 25. Bd4 c5 26. Bc3 Re8 27. Bxb4 axb4 28. Ra5 Rdxe5 29. Rxe5 Rxe5 30. Rxb5 g5 31. Kf3 1/2-1/2

[Event "Verbandsliga Nord Baden 0910"]
[Site "Germany"]
[Date "2010.01.31"]
[Round "6.4"]
[White "Gebhardt, Ulrich"]
[Black "Neunhoeffer, Helmut"]
[Result "0-1"]
[WhiteElo "2223"]
[BlackElo "2286"]
[PlyCount "76"]
[EventDate "2009.10.11"]
[EventType "team-tourn"]
[EventRounds "9"]
[EventCountry "GER"]
[SourceTitle "EXT 2011"]
[Source "ChessBase"]
[SourceDate "2010.11.26"]
[SourceVersion "1"]
[SourceVersionDate "2010.11.26"]
[SourceQuality "1"]
[WhiteTeam "Ettlingen"]
[BlackTeam "Heidelberg II"]
[WhiteTeamCountry "GER"]
[BlackTeamCountry "GER"]

1. d4 Nf6 2. c4 e6 3. Nc3 Bb4 4. e3 0-0 5. Nge2 Re8 6. a3 Bf8 7. e4 e5 8. dxe5 Rxe5 9. Ng3 a5 10. Be2 d6 11. 0-0 Bd7 12. b3 Na6 13. Bb2 Re8 14. Kh1 Nc5 15. Qc2 c6 16. b4 axb4 17. axb4 Rxa1 18. Rxa1 Ne6 19. f3 h5 20. Rd1 g6 21. Qd2 h4 22. Nf1 Nh5 23. e5 Nef4 24. Ne4 d5 25. Nf6+ Qxf6 26. exf6 Rxe2 27. Qd4 Rxg2 28. Ne3 Re2 29. cxd5 Nh3 30. Ra1 Bd6 31. Ng2 Be5 32. Qxh4 Rxb2 33. dxc6 bxc6 34. Qe1 Bxf6 35. Ra7 Nf2+ 36. Kg1 Nd3 37. Qd1 Bd4+ 38. Kf1 Rf2+ 0-1

[Event "Verbandsliga Nord Baden 0910"]
[Site "Germany"]
[Date "2009.10.11"]
[Round "1.3"]
[White "Neunhoeffer, Helmut"]
[Black "Ungerer, Markus"]
[Result "1/2-1/2"]
[WhiteElo "2281"]
[BlackElo "2144"]
[PlyCount "41"]
[EventDate "2009.10.11"]
[EventType "team-tourn"]
[EventRounds "9"]
[EventCountry "GER"]
[SourceTitle "EXT 2011"]
[Source "ChessBase"]
[SourceDate "2010.11.26"]
[SourceVersion "1"]
[SourceVersionDate "2010.11.26"]
[SourceQuality "1"]
[WhiteTeam "Heidelberg II"]
[BlackTeam "Pforzheim"]
[WhiteTeamCountry "GER"]
[BlackTeamCountry "GER"]

1. d4 d5 2. c4 c6 3. Nf3 Nf6 4. e3 Ne4 5. Nc3 e6 6. Bd3 f5 7. 0-0 Bd6 8. Ne5 0-0 9. f3 Nxc3 10. bxc3 Bxe5 11. dxe5 Qc7 12. f4 Rd8 13. Qf3 Qa5 14. Bb2 Nd7 15. cxd5 cxd5 16. Rac1 Nc5 17. Bb1 Bd7 18. c4 Bc6 19. Qe2 Ne4 20. Bd4 Rac8 21. Qb2 1/2-1/2

[Event "Verbandsliga Nord Baden 0809"]
[Site "Germany"]
[Date "2009.04.05"]
[Round "9.1"]
[White "Haas, Frank Martin"]
[Black "Neunhoeffer, Helmut"]
[Result "1/2-1/2"]
[WhiteElo "2185"]
[BlackElo "2281"]
[PlyCount "70"]
[EventDate "2008.09.28"]
[EventType "team"]
[EventRounds "9"]
[EventCountry "GER"]
[SourceTitle "EXT 2010"]
[Source "ChessBase"]
[SourceDate "2010.11.25"]
[SourceVersion "1"]
[SourceVersionDate "2010.11.25"]
[SourceQuality "1"]
[WhiteTeam "Walldorf"]
[BlackTeam "Heidelberg II"]
[WhiteTeamCountry "GER"]
[BlackTeamCountry "GER"]

1. e4 e5 2. Nf3 Nc6 3. Bb5 a6 4. Bxc6 dxc6 5. 0-0 f6 6. d4 exd4 7. Nxd4 c5 8. Nb3 Qxd1 9. Rxd1 Bg4 10. f3 Be6 11. Be3 b6 12. Nc3 Bd6 13. a4 Kf7 14. a5 c4 15. Nd4 b5 16. Nxe6 Kxe6 17. Nd5 Ne7 18. Nxe7 Kxe7 19. Kf2 Rhd8 20. f4 Bb4 21. Rxd8 Rxd8 22. c3 Bd6 23. Rd1 Ke6 24. Kf3 Rh8 25. f5+ Ke7 26. Bf4 Re8 27. h4 Kd7 28. g4 h6 29. g5 hxg5 30. hxg5 Kc6 31. Bxd6 cxd6 32. gxf6 gxf6 33. Rh1 d5 34. Rh6 dxe4+ 35. Ke3 Rf8 1/2-1/2

[Event "Verbandsliga Nord Baden 0809"]
[Site "Germany"]
[Date "2009.02.08"]
[Round "6.2"]
[White "Dushatskiy, Fedor"]
[Black "Neunhoeffer, Helmut"]
[Result "1/2-1/2"]
[WhiteElo "2193"]
[BlackElo "2281"]
[PlyCount "40"]
[EventDate "2008.09.28"]
[EventType "team"]
[EventRounds "9"]
[EventCountry "GER"]
[SourceTitle "EXT 2010"]
[Source "ChessBase"]
[SourceDate "2010.11.25"]
[SourceVersion "1"]
[SourceVersionDate "2010.11.25"]
[SourceQuality "1"]
[WhiteTeam "Hockenheim II"]
[BlackTeam "Heidelberg II"]
[WhiteTeamCountry "GER"]
[BlackTeamCountry "GER"]

1. e4 e5 2. Nf3 Nc6 3. Bb5 a6 4. Ba4 Nf6 5. Bxc6 dxc6 6. d3 Bd6 7. Nbd2 Be6 8. b3 Nd7 9. Bb2 f6 10. Qe2 0-0 11. h3 c5 12. Nc4 Nb8 13. 0-0 Nc6 14. Rad1 b5 15. Nxd6 cxd6 16. c3 b4 17. Nd2 a5 18. a4 f5 19. f4 Rb8 20. c4 Qe7 1/2-1/2

[Event "Oberliga Baden 0607"]
[Site "Germany"]
[Date "2007.04.22"]
[Round "9.5"]
[White "Schneider, Bernd2222"]
[Black "Neunhoeffer, Helmut"]
[Result "1/2-1/2"]
[WhiteElo "2288"]
[BlackElo "2305"]
[PlyCount "60"]
[EventDate "2006.10.15"]
[EventType "team-tourn"]
[EventRounds "9"]
[EventCountry "GER"]
[SourceTitle "EXT 2008"]
[Source "ChessBase"]
[SourceDate "2007.11.25"]
[SourceVersion "1"]
[SourceVersionDate "2007.11.25"]
[SourceQuality "1"]
[WhiteTeam "Eppingen II"]
[BlackTeam "Heidelberg"]
[WhiteTeamCountry "GER"]
[BlackTeamCountry "GER"]

1. c4 e6 2. g3 d5 3. Bg2 Nf6 4. Nf3 dxc4 5. Na3 Bxa3 6. Qa4+ Nc6 7. Qxa3 Qd6 8. Qc3 0-0 9. Qxc4 e5 10. d3 Be6 11. Qc2 Bd5 12. Be3 b6 13. 0-0 Rac8 14. Bh3 Be6 15. Bxe6 Qxe6 16. Rfc1 Nb4 17. Qc4 Nbd5 18. Bd2 Qd6 19. Qa4 c5 20. a3 Qd7 21. Qxd7 Nxd7 22. b4 f6 23. e4 Nc7 24. Kf1 Ne6 25. Ke2 g5 26. h3 h5 27. Be3 Kf7 28. Nd2 Ke7 29. Nb3 Nd4+ 30. Bxd4 cxd4 1/2-1/2

[Event "BL2-Sued 0506"]
[Site "Germany"]
[Date "2006.03.12"]
[Round "8.5"]
[White "Neunhoeffer, Helmut"]
[Black "Nun, Jiri"]
[Result "1/2-1/2"]
[WhiteElo "2308"]
[BlackElo "2376"]
[PlyCount "44"]
[EventDate "2005.10.23"]
[EventType "team-tourn"]
[EventRounds "9"]
[EventCountry "GER"]
[SourceTitle "EXT 2007"]
[Source "ChessBase"]
[SourceDate "2006.11.23"]
[SourceVersion "1"]
[SourceVersionDate "2006.11.23"]
[SourceQuality "1"]
[WhiteTeam "Heidelberg Handschuhsheim"]
[BlackTeam "Bann"]
[WhiteTeamCountry "GER"]
[BlackTeamCountry "GER"]

1. d4 c5 2. e3 g6 3. Nf3 Bg7 4. Be2 Nf6 5. 0-0 cxd4 6. exd4 0-0 7. Re1 b6 8. c4 d5 9. Nc3 Bb7 10. Ne5 dxc4 11. Bxc4 Nc6 12. Nxc6 Bxc6 13. Bf4 Nd5 14. Be5 Nxc3 15. bxc3 e6 16. Qe2 Bxe5 17. Qxe5 Rc8 18. Ba6 Rc7 19. c4 Rd7 20. Rad1 Qb8 21. Qf6 Qd8 22. Qe5 Qb8 1/2-1/2

[Event "BL2-Sued 0506"]
[Site "Germany"]
[Date "2006.02.19"]
[Round "7.4"]
[White "Arnold, Lothar"]
[Black "Neunhoeffer, Helmut"]
[Result "1-0"]
[WhiteElo "2348"]
[BlackElo "2308"]
[PlyCount "91"]
[EventDate "2005.10.23"]
[EventType "team-tourn"]
[EventRounds "9"]
[EventCountry "GER"]
[SourceTitle "EXT 2007"]
[Source "ChessBase"]
[SourceDate "2006.11.23"]
[SourceVersion "1"]
[SourceVersionDate "2006.11.23"]
[SourceQuality "1"]
[WhiteTeam "Karlsruhe"]
[BlackTeam "Heidelberg Handschuhsheim"]
[WhiteTeamCountry "GER"]
[BlackTeamCountry "GER"]

1. e4 e5 2. Nf3 Nc6 3. d4 exd4 4. Nxd4 Bc5 5. Be3 Qf6 6. c3 Nge7 7. Bc4 Ne5 8. Be2 Qg6 9. 0-0 d6 10. Kh1 0-0 11. f4 Qxe4 12. Nd2 Qxe3 13. Nc2 Ng4 14. Nxe3 Nxe3 15. Qa4 Nxf1 16. Rxf1 Nf5 17. b4 Bb6 18. Nc4 Be6 19. Nxb6 axb6 20. Qb5 Rxa2 21. Qd3 Rfa8 22. Kg1 c6 23. Re1 d5 24. g4 Nd6 25. f5 Bd7 26. Bf3 Ra1 27. Rxa1 Rxa1+ 28. Kf2 h5 29. h3 h4 30. Bxd5 cxd5 31. Qxd5 Bc6 32. Qxd6 f6 33. b5 Bh1 34. Qxb6 Ra2+ 35. Ke1 Rg2 36. Qd8+ Kh7 37. Qe8 Rg3 38. Qh5+ Kg8 39. Qe8+ Kh7 40. Qh5+ Kg8 41. Qxh4 Rxc3 42. Kd2 Rc5 43. Qe1 Bg2 44. Qe2 Bh1 45. Qe8+ Kh7 46. h4 1-0

[Event "BL2-Sued 0506"]
[Site "Germany"]
[Date "2006.01.29"]
[Round "6.5"]
[White "Mutschnik, Illya"]
[Black "Neunhoeffer, Helmut"]
[Result "1-0"]
[WhiteElo "2414"]
[BlackElo "2308"]
[PlyCount "51"]
[EventDate "2005.10.23"]
[EventType "team-tourn"]
[EventRounds "9"]
[EventCountry "GER"]
[SourceTitle "EXT 2007"]
[Source "ChessBase"]
[SourceDate "2006.11.23"]
[SourceVersion "1"]
[SourceVersionDate "2006.11.23"]
[SourceQuality "1"]
[WhiteTeam "Baden-Baden II"]
[BlackTeam "Heidelberg Handschuhsheim"]
[WhiteTeamCountry "GER"]
[BlackTeamCountry "GER"]

1. e4 e5 2. Nf3 Nc6 3. d4 exd4 4. Nxd4 Bc5 5. Be3 Qf6 6. Nb5 Bxe3 7. fxe3 Qd8 8. Qg4 g6 9. Qf4 d6 10. Bc4 Be6 11. Bxe6 fxe6 12. 0-0 Nge7 13. N1c3 Kd7 14. Rad1 Kc8 15. e5 Nxe5 16. Nxc7 Qxc7 17. Nb5 Qc5 18. Nxd6+ Kc7 19. Ne4 g5 20. Qxg5 h6 21. Qf4 Qb5 22. c4 Qxb2 23. Rd2 N7g6 24. Qf7+ Nxf7 25. Rxf7+ Kc6 26. Rd6# 1-0

[Event "BL2-Sued 0506"]
[Site "Germany"]
[Date "2005.12.11"]
[Round "4.6"]
[White "Neunhoeffer, Helmut"]
[Black "Cioara, Andrei Nestor"]
[Result "1/2-1/2"]
[WhiteElo "2308"]
[BlackElo "2436"]
[PlyCount "99"]
[EventDate "2005.10.23"]
[EventType "team-tourn"]
[EventRounds "9"]
[EventCountry "GER"]
[SourceTitle "EXT 2007"]
[Source "ChessBase"]
[SourceDate "2006.11.23"]
[SourceVersion "1"]
[SourceVersionDate "2006.11.23"]
[SourceQuality "1"]
[WhiteTeam "Heidelberg Handschuhsheim"]
[BlackTeam "Trier"]
[WhiteTeamCountry "GER"]
[BlackTeamCountry "GER"]

1. d4 e6 2. e4 d5 3. exd5 exd5 4. Nf3 Nf6 5. c4 Bb4+ 6. Nc3 0-0 7. Be2 dxc4 8. 0-0 Nbd7 9. Bxc4 Nb6 10. Bb3 Nfd5 11. Qd3 Be7 12. a3 Be6 13. Ne4 Bf5 14. Nf6+ Bxf6 15. Qxf5 Re8 16. Bd2 Qc8 17. Qd3 Qg4 18. h3 Qe4 19. Qxe4 Rxe4 20. Rfe1 Rae8 21. Rxe4 Rxe4 22. a4 Ne7 23. Bg5 Nbd5 24. Bxf6 gxf6 25. Kf1 Re6 26. Bc4 a5 27. g3 Kf8 28. Re1 Rc6 29. b3 Nb6 30. Nd2 Ned5 31. Re4 Re6 32. Rh4 Kg7 33. Ne4 Nxc4 34. bxc4 Nb6 35. d5 Re5 36. Rg4+ Kf8 37. Nc5 c6 38. Nxb7 cxd5 39. c5 Nc4 40. c6 Re6 41. Rd4 Rxc6 42. Rxd5 Ra6 43. Nc5 Rd6 44. Rxd6 Nxd6 45. Ke2 Nc4 46. Kd3 Nb6 47. Kc3 Ke7 48. Kb3 Kd6 49. Nb7+ Kd5 50. Nxa5 1/2-1/2

[Event "BL2-Sued 0405"]
[Site "Germany"]
[Date "2005.03.14"]
[Round "8.7"]
[White "Pfleger, Michael"]
[Black "Neunhoeffer, Helmut"]
[Result "0-1"]
[WhiteElo "2211"]
[BlackElo "2300"]
[PlyCount "90"]
[EventDate "2004.10.24"]
[EventType "team-tourn"]
[EventRounds "9"]
[EventCountry "GER"]
[SourceTitle "EXT 2007"]
[Source "ChessBase"]
[SourceDate "2006.11.23"]
[SourceVersion "1"]
[SourceVersionDate "2006.11.23"]
[SourceQuality "1"]
[WhiteTeam "Bad Mergentheim"]
[BlackTeam "Handschuhsheim"]
[WhiteTeamCountry "GER"]
[BlackTeamCountry "GER"]

1. e4 e5 2. f4 exf4 3. Bc4 Nf6 4. Nc3 c6 5. Nf3 d5 6. exd5 cxd5 7. Bb5+ Nc6 8. 0-0 Bd6 9. Qe2+ Kf8 10. d4 Bg4 11. Bxc6 bxc6 12. Qa6 Qb6 13. Qxb6 axb6 14. Ne5 Bxe5 15. dxe5 Nd7 16. Bxf4 Ke7 17. h3 Bh5 18. Bg5+ Ke6 19. g4 Bg6 20. h4 Nxe5 21. h5 Bxc2 22. Rf2 Bd3 23. Re1 f6 24. Bf4 Rhe8 25. Rd2 Be4 26. Nxe4 dxe4 27. Kg2 Rxa2 28. Rxe4 c5 29. Re1 Ra4 30. Kg3 Rd4 31. g5 Rxd2 32. Bxd2 Rd8 33. Bc3 h6 34. gxh6 gxh6 35. Ra1 Rd3+ 36. Kg2 b5 37. Ra6+ Kf5 38. Ra5 b4 39. Be1 Rd1 40. Bf2 Rd2 41. Kf1 c4 42. Be3 Rxb2 43. Bxh6 Rh2 44. Rb5 Rxh5 45. Bf8 b3 0-1

[Event "BL2-Sued 0405"]
[Site "Germany"]
[Date "2005.01.30"]
[Round "6.7"]
[White "De Francesco, Klaus"]
[Black "Neunhoeffer, Helmut"]
[Result "0-1"]
[WhiteElo "2238"]
[BlackElo "2300"]
[PlyCount "107"]
[EventDate "2004.10.24"]
[EventType "team-tourn"]
[EventRounds "9"]
[EventCountry "GER"]
[SourceTitle "EXT 2007"]
[Source "ChessBase"]
[SourceDate "2006.11.23"]
[SourceVersion "1"]
[SourceVersionDate "2006.11.23"]
[SourceQuality "1"]
[WhiteTeam "Pasing"]
[BlackTeam "Handschuhsheim"]
[WhiteTeamCountry "GER"]
[BlackTeamCountry "GER"]

1. d4 Nf6 2. c4 e6 3. Nf3 d5 4. e3 Be7 5. Bd3 0-0 6. 0-0 c5 7. b3 cxd4 8. exd4 Nc6 9. a3 b6 10. Bb2 Bb7 11. Nbd2 dxc4 12. bxc4 Rc8 13. Qe2 Qc7 14. Ne5 Nxe5 15. dxe5 Nd7 16. Rad1 Nc5 17. Bb1 Rcd8 18. f4 g6 19. Kh1 Rd7 20. Nf3 Rfd8 21. Nd4 a6 22. f5 Rxd4 23. Bxd4 gxf5 24. Qh5 Ne4 25. Rf3 Rxd4 26. Rxd4 Qxe5 27. Rd1 Nf6 28. Qg5+ Kf8 29. Rfd3 Be4 30. Qg3 f4 31. Qe1 Qg5 32. Rd8+ Bxd8 33. Bxe4 Be7 34. Bf3 Bc5 35. a4 a5 36. h3 e5 37. Rd8+ Kg7 38. Rb8 e4 39. Bd1 h5 40. Rb7 Be3 41. c5 Bxc5 42. Bb3 f3 43. Rxf7+ Kh6 44. gxf3 exf3 45. Rxf6+ Qxf6 46. Qe6 Qxe6 47. Bxe6 b5 48. axb5 a4 49. Bd5 a3 50. h4 Kg7 51. Kh2 Kf6 52. Kg3 f2 53. Kg2 Ke5 54. Bf7 0-1

[Event "BL2-Sued 0304"]
[Site "Germany"]
[Date "2004.??.??"]
[Round "?.7"]
[White "Neunhoeffer, Helmut"]
[Black "Zahn, Wolfgang"]
[Result "1/2-1/2"]
[WhiteElo "2300"]
[BlackElo "2270"]
[PlyCount "112"]
[EventDate "2003.10.??"]
[EventType "team-tourn"]
[EventRounds "9"]
[EventCountry "GER"]
[SourceTitle "CBM 100 Extra"]
[Source "ChessBase"]
[SourceDate "2004.07.06"]
[SourceVersion "2"]
[SourceVersionDate "2004.07.06"]
[SourceQuality "1"]
[WhiteTeam "Heidelberg"]
[BlackTeam "Pasing"]
[WhiteTeamCountry "GER"]
[BlackTeamCountry "GER"]

1. d4 Nf6 2. c4 g6 3. Nc3 Bg7 4. e4 d6 5. Nf3 0-0 6. Be3 Nbd7 7. Be2 e5 8. 0-0 h6 9. dxe5 dxe5 10. Qc2 c6 11. Rfd1 Qe7 12. h3 Nh5 13. Rab1 f5 14. exf5 gxf5 15. Nh2 Qf7 16. Bxh5 Qxh5 17. f4 e4 18. Rd6 Rf7 19. Qe2 Qxe2 20. Nxe2 Bf8 21. Rd2 Nc5 22. Nd4 h5 23. Nf1 Nd3 24. g3 c5 25. Nf3 Be6 26. b3 Re8 27. Ng5 Rg7 28. g4 hxg4 29. hxg4 Rxg5 30. fxg5 f4 31. Rxd3 exd3 32. Bxf4 Bxg4 33. Ne3 Be2 34. Nd5 Kf7 35. Kf2 Bg7 36. Be3 b6 37. Rh1 Re4 38. Ke1 Kg6 39. Kd2 Be5 40. Rh6+ Kf5 41. Rh7 Rg4 42. Rxa7 Rg2 43. Nf4 Rh2 44. Nxd3 Bh5+ 45. Nf2 Bg3 46. Ra8 Bxf2 47. Rf8+ Kg4 48. Rxf2 Rxf2+ 49. Bxf2 Kxg5 50. a4 Kf5 51. a5 bxa5 52. Bxc5 Ke4 53. Kc3 a4 54. bxa4 Ke5 55. Kb4 Ke6 56. a5 Kd7 1/2-1/2

[Event "BL2-Sued 0304"]
[Site "Germany"]
[Date "2003.??.??"]
[Round "?.7"]
[White "Neunhoeffer, Helmut"]
[Black "Pfleger, Michael"]
[Result "0-1"]
[WhiteElo "2300"]
[BlackElo "2205"]
[PlyCount "100"]
[EventDate "2003.10.??"]
[EventType "team-tourn"]
[EventRounds "9"]
[EventCountry "GER"]
[SourceTitle "CBM 100 Extra"]
[Source "ChessBase"]
[SourceDate "2004.07.06"]
[SourceVersion "2"]
[SourceVersionDate "2004.07.06"]
[SourceQuality "1"]
[WhiteTeam "Heidelberg"]
[BlackTeam "Bad Mergentheim"]
[WhiteTeamCountry "GER"]
[BlackTeamCountry "GER"]

1. d4 g6 2. c4 Bg7 3. e4 c5 4. Nf3 d6 5. Nc3 Nc6 6. Be3 Qb6 7. Nd5 Qa5+ 8. Bd2 Qd8 9. Bc3 e5 10. dxc5 dxc5 11. h3 Nge7 12. Rb1 0-0 13. b4 Nxd5 14. cxd5 Nxb4 15. a3 f5 16. axb4 fxe4 17. bxc5 exf3 18. gxf3 Qc7 19. Bb4 a5 20. Ba3 e4 21. Be2 Qf4 22. c6 Bc3+ 23. Kf1 Rf7 24. Rb3 Bd2 25. Bc5 bxc6 26. dxc6 Be6 27. Be3 Bxe3 28. Rxe3 exf3 29. Rxe6 fxe2+ 30. Qxe2 Raf8 31. Qc2 Qxf2+ 32. Qxf2 Rxf2+ 33. Kg1 Rc2 34. Re7 Rxc6 35. Kg2 Ra6 36. Ra1 Rf7 37. Re8+ Kg7 38. Ra4 h5 39. Re5 Rf5 40. Re7+ Kf6 41. Rb7 Kg5 42. Kg3 Rc5 43. Rb3 Rac6 44. h4+ Kh6 45. Rf3 Rc4 46. Rxa5 Rg4+ 47. Kh3 Rcc4 48. Rf8 Rc3+ 49. Kh2 Rxh4+ 50. Kg2 Rb4 0-1

[Event "Baden OL 0102"]
[Site "Germany"]
[Date "2001.11.11"]
[Round "2.6"]
[White "Neunhoeffer, Helmut"]
[Black "Kluss, Kai"]
[Result "1-0"]
[WhiteElo "2328"]
[BlackElo "2225"]
[PlyCount "77"]
[EventDate "2001.10.07"]
[EventType "team"]
[EventRounds "9"]
[EventCountry "GER"]
[SourceTitle "EXT 2003"]
[Source "ChessBase"]
[SourceDate "2002.11.25"]
[SourceVersion "1"]
[SourceVersionDate "2002.11.25"]
[SourceQuality "1"]
[WhiteTeam "Heidelberg"]
[BlackTeam "Bad Mergentheim"]
[WhiteTeamCountry "GER"]
[BlackTeamCountry "GER"]

1. d4 Nf6 2. c4 e6 3. Nc3 Bb4 4. e3 c5 5. Nf3 Nc6 6. Be2 Bxc3+ 7. bxc3 d6 8. 0-0 e5 9. Bb2 Bg4 10. h3 Bh5 11. Nxe5 Bxe2 12. Nxc6 Bxd1 13. Nxd8 Bh5 14. Nxb7 Rb8 15. Nxd6+ Kd7 16. Nb5 a6 17. a4 axb5 18. cxb5 c4 19. f3 Nd5 20. e4 Nf4 21. Kh2 f6 22. Ba3 Rb7 23. Rfb1 Rhb8 24. Bc1 Nd3 25. Be3 g5 26. d5 Kd6 27. a5 Nc5 28. b6 Na6 29. Bd4 f5 30. Rb5 Be8 31. e5+ Ke7 32. Rc5 Ra8 33. Rxc4 Bb5 34. Rc6 Bxc6 35. dxc6 Rab8 36. cxb7 Rxb7 37. Ra4 Ke6 38. Rc4 Kd5 39. Rc8 1-0

[Event "Oberliga Baden 9899"]
[Site "Germany"]
[Date "1998.11.08"]
[Round "2.2"]
[White "Neunhoeffer, Helmut"]
[Black "Kountz, Jochen"]
[Result "1/2-1/2"]
[WhiteElo "2380"]
[BlackElo "2290"]
[PlyCount "104"]
[EventDate "1998.10.??"]
[EventType "team"]
[EventRounds "9"]
[EventCountry "GER"]
[SourceTitle "EXT 2002"]
[Source "ChessBase"]
[SourceDate "2001.11.25"]
[SourceVersion "1"]
[SourceVersionDate "2001.11.25"]
[SourceQuality "1"]
[WhiteTeam "Heidelberg"]
[BlackTeam "Untergrombach"]
[WhiteTeamCountry "GER"]
[BlackTeamCountry "GER"]

1. d4 Nf6 2. c4 c5 3. d5 e6 4. Nc3 exd5 5. cxd5 d6 6. e4 g6 7. Nf3 Bg7 8. h3 0-0 9. Bd3 Re8 10. 0-0 c4 11. Bc2 Bd7 12. Bf4 Qb6 13. Qd2 Na6 14. Rfe1 Nc5 15. a4 Nh5 16. Rab1 Nxf4 17. Qxf4 Nd3 18. Bxd3 cxd3 19. Qd2 Qb3 20. Qxd3 Bxa4 21. Nd2 Qb4 22. Qc4 Qxc4 23. Nxc4 Bc2 24. Nxd6 Re7 25. Rbc1 Bb3 26. f4 Rd8 27. e5 f6 28. exf6 Rxe1+ 29. Rxe1 Bxf6 30. Nxb7 Rd7 31. Na5 Bd4+ 32. Kh2 Bxd5 33. Nxd5 Rxd5 34. Nc4 Bc5 35. Re5 Rxe5 36. Nxe5 Kg7 37. Kg3 Bd4 38. Nd3 Kf6 39. Kf3 Ke6 40. Ke4 Bb6 41. g4 Kd6 42. Nb4 Bd8 43. b3 Bf6 44. Nd3 Bg7 45. Ne5 Kc5 46. Nd3+ Kd6 47. h4 a5 48. Ne5 Kc5 49. Kd3 Kb4 50. Kc2 Kc5 51. Nf3 Kd5 52. Kd3 h5 1/2-1/2